[Event "Verbandsliga Nord Baden 1213"]
[Site "Baden"]
[Date "2012.11.18"]
[Round "2.7"]
[White "Muehlbayer, Kevin"]
[Black "Reimold, Jonas"]
[Result "1-0"]
[WhiteElo "1897"]
[BlackElo "2037"]
[PlyCount "85"]
[EventDate "2012.10.21"]
[EventType "team-tourn"]
[EventRounds "9"]
[EventCountry "GER"]
[SourceTitle "EXT 2014"]
[Source "ChessBase"]
[SourceDate "2013.11.20"]
[SourceVersion "1"]
[SourceVersionDate "2013.11.20"]
[SourceQuality "1"]
[WhiteTeam "Bad Mergentheim II"]
[BlackTeam "Eppingen II"]
[WhiteTeamCountry "GER"]
[BlackTeamCountry "GER"]

1. c4 f5 2. Nc3 Nf6 3. d4 g6 4. g3 Bg7 5. Bg2 d6 6. e4 Nxe4 7. Nxe4 fxe4 8. Bxe4 e5 9. dxe5 Bxe5 10. Qf3 Rf8 11. Qe2 Qe7 12. Bh6 Rh8 13. 0-0-0 c6 14. g4 Rg8 15. f4 Bf6 16. h3 Be6 17. Nf3 Na6 18. Rhe1 Kd7 19. Ng5 Rae8 20. Nxe6 Qxe6 21. f5 Qf7 22. Qd3 Be5 23. Be3 Kc7 24. a3 Qg7 25. Re2 Re7 26. fxg6 hxg6 27. Rf1 Re6 28. Bxa7 b6 29. Qb3 Bd4 30. c5 d5 31. Qxb6+ Kd7 32. Qb7+ Nc7 33. Bb6 Be5 34. Rd1 Qf7 35. Kb1 Qf4 36. Bxd5 cxd5 37. Rxd5+ Ke8 38. Qc8+ Kf7 39. Rd7+ Kf6 40. Qxg8 Qf1+ 41. Ka2 Qxe2 42. Qd8+ Re7 43. Qxe7# 1-0

[Event "Nuremberg LGA Cup 9th"]
[Site "Nuremberg"]
[Date "2012.09.07"]
[Round "2"]
[White "Schweisgut, Jens"]
[Black "Reimold, Jonas"]
[Result "1/2-1/2"]
[WhiteElo "1762"]
[BlackElo "2046"]
[PlyCount "115"]
[EventDate "2012.09.06"]
[EventType "swiss"]
[EventRounds "7"]
[EventCountry "GER"]
[SourceTitle "CBM 150 Extra"]
[Source "ChessBase"]
[SourceDate "2012.10.19"]
[SourceVersion "1"]
[SourceVersionDate "2012.10.19"]
[SourceQuality "1"]

1. e4 e5 2. Nf3 Nf6 3. d4 Nxe4 4. Bd3 d5 5. Nxe5 Be7 6. 0-0 0-0 7. c4 c6 8. Nc3 Nxc3 9. bxc3 Nd7 10. Nxd7 Bxd7 11. cxd5 cxd5 12. Qh5 f5 13. Rb1 b6 14. f4 Rc8 15. Bd2 Bf6 16. g4 g6 17. Qh3 fxg4 18. Qg2 Bf5 19. Bxf5 gxf5 20. Rb5 Rc7 21. Rxd5 Rd7 22. Rb5 a6 23. Rbb1 b5 24. Kh1 Qc7 25. Rfe1 Qc4 26. Rb2 Rc8 27. Re2 Qf7 28. Be1 Rd5 29. Re3 a5 30. a3 Qd7 31. Rbe2 Rd6 32. Rh3 b4 33. axb4 axb4 34. Rhe3 bxc3 35. Bxc3 Bxd4 36. Re7 Qa4 37. Qb7 Qc6+ 38. Qxc6 Rcxc6 39. Rb7 Rc8 40. Bxd4 Rxd4 41. Ree7 Rd2 42. Rg7+ Kf8 43. Rbf7+ Ke8 44. Re7+ Kd8 45. Re1 h6 46. Rg6 Rc4 47. Rxh6 Kc7 48. Rh7+ Kc6 49. Rh6+ Rd6 50. Rxd6+ Kxd6 51. Rf1 Rc2 52. Kg1 Kd5 53. Re1 Kd6 54. Re5 Rc5 55. Re2 Rd5 56. Kf2 Rd4 57. Kg3 Rd3+ 58. Kh4 1/2-1/2